000 00486nam a2200229Ia 4500
003 IT-RoPAU
008 120407s9999 xx 000 0 und d
040 _aIT-RoPAU
040 _cIT-RoPAU
041 _aita
100 _aBenedetto Mosca
245 _aVita di Giovanni XXIII.
250 _aSesto S. Giovanni
260 _aPeruzzo
260 _c1985
300 _a232 p.
300 _c19 cm
490 _aLe grandi biografie
490 _v1
942 _cBK
999 _c29690
_d29690